000 00458nam a2200133Ia 4500
008 130320s9999 xx 000 0 und d
100 _aDeepa T.S
245 _aDiagnostic test management system for NPISEA
502 _bMCA
_dEXT
_eMeraj Uddin M.D
_hUniversity of Calicut,Kerala,Kerala
650 _aDIAGNOSTIC TEST
650 _aEDUCATIONAL GRID
650 _aNATIONAL PROGRAMME ON INFORMATION SECURITY EDUCATION AND AWARENESS PROGRAMME
650 _aNPISEA
999 _c2706
_d2706